Introducción a las técnicas de análisis multivariable aplicadas a las ciencias sociales / (Record no. 83568)

MARC details
000 -LEADER
campo de control de longitud fija 00522nam a2200145 i 4500
001 - NÚMERO DE CONTROL
campo de control 83568
003 - IDENTIFICADOR DE NÚMERO DE CONTROL
campo de control ES-MaACL
007 - CAMPO FIJO DE DESCRIPCIÓN FÍSICA--INFORMACIÓN GENERAL
campo de control de longitud fija t|
008 - DATOS DE LONGITUD FIJA--INFORMACIÓN GENERAL
campo de control de longitud fija 041117s1984 sp ||||1| spa d
245 00 - MENCIÓN DEL TÍTULO
Título Introducción a las técnicas de análisis multivariable aplicadas a las ciencias sociales /
Mención de responsabilidad, etc. editor, Juan Javier Sánchez Carrión.
260 ## - PUBLICACIÓN, DISTRIBUCIÓN, ETC.
Lugar de publicación, distribución, etc. Madrid :
Nombre del editor, distribuidor, etc. Centro de Investigaciones Sociológicas,
Fecha de publicación, distribución, etc. 1984.
300 ## - DESCRIPCIÓN FÍSICA
Extensión 331 p. ;
Dimensiones 24 cm.
700 1# - ENTRADA AGREGADA--NOMBRE PERSONAL
Nombre de persona Sánchez Carrión, Juan Javier.
9 (RLIN) 102530
852 ## - LOCALIZACIÓN
Ubicación ES-MaACL
Número de control de estantería L-7598
Sublocalización o colección R.108214
Holdings
Estatus retirado Estado de pérdida Estado de daño No para préstamo Biblioteca de origen Biblioteca actual Ubicación en estantería Fecha de adquisición Fuente de adquisición Total de préstamos Signatura topográfica completa Código de barras Visto por última vez Precio de reemplazo Tipo de ítem Koha
        Biblioteca del Ateneo de Madrid Biblioteca del Ateneo de Madrid Depósito 2 17/01/2008     L-7598 1087342 23/02/2023 23/02/2023 Libro impreso